American Car Brands - Sudden Death - Statistics

General Stats
  • This quiz has been taken 85 times
  • The average score is 6 of 8
Answers on the Grid
Answers color-coded by a green-red scale on the quiz's grid according to % correct below.
Ford
Porsche
Dodge
Lexus
Jeep
Toyota
Honda
Tesla
Land Rover
Cadillac
GMC
Mini
BMW
Lincoln
Subaru
Chevrolet
 
Answer Stats
Answer % Correct
Ford
97%
Jeep
83%
Dodge
80%
Lincoln
69%
Tesla
67%
GMC
66%
Chevrolet
64%
Cadillac
61%
No matching quizzes found
Score Distribution
Percent of People with Each Score
Percentile by Number Answered
Your Score History
You have not taken this quiz